000 02110njm a2200373Ia 4500
001 20354
003 IT-RoPAU
005 20220918181155.0
008 131025s9999 xx 000 0 und d
040 _aIT-RoPAU
040 _cIT-RoPAU
041 _aITALIANO
999 _c102473
_d102473
999 _bn.d.
100 _aBonfitto Michele
_91419
100 _eAutore musica
_91420
100 _gCodice autore musica SPICS: 10767
_91421
245 _aL'amore che è in voi-Lp Hit 30.241
250 _a1a ed.
260 _aITALIA
260 _bHIT RECORDS
300 _aDISCO
300 _c31 minuti (Testo: pag.)
500 _aAmore cristiano. Canto e liturgia. Messaggio cristiano. Canti religiosi per giovani. Canti per assemblee liturgiche. Canti per celebrazioni eucaristiche. Canti per solo coro e assemblea con l'accompagnamento di organo o complesso ritmico. Musica religiosa. E’ disponibile anche lo spartito con la musica e i testi di tutte le canzoni. Codice Spics dello spartito 21323.
505 _aE' festa d'amore (1:57) - Abramo amico mio (2:45) - Signore tu mi scruti (2:30) - Benedite con me (2:23) - Due cuori (1:46) - Pane di vita (1:46) - L'amore che è in voi (3:27) - Santo (2:58) - Mistero della fede (1:12) - Padre nostro (1:28) - Rendete grazie (2:10) - O Sommo Amore (2:47) - Il Signore è re (2:36)
511 _aCoro: Nuovo Messaggio
511 _aCantante: Sabina Carla
650 _aRELIGIOSO [DISCHI]
_eCodice MATERIA SPICS: 9950
_9791
700 _aBonfitto Michele
_eAutore testo e musica
_gCodice autore testo/musica SPICS: 10767
_91422
700 _aTolomei Antonio
_gCodice autore testo/musica SPICS: 18036
_91423
_eAutore testo/musica
_pE' festa d'amore - Due cuori - L'amore che è in voi - O sommo amore
700 _aPesenti
_gCodice autore testo/musica SPICS: 24637
_eAutore testo/music
_pAbramo amico mio - Signore tu mi scruti - Il Signore è il re
_91424
700 _aTornado F.
_gCodice autore SPICS: 13168
_eAutore
_pE' festa d'amore - Due cuori - O sommo amore
_91425
700 _aFranck Cesar
_gCodice autore SPICS: 11500
_eAutore
_pPane di vita
_91426
942 _cMD
_2ddc